00413nam a2200157Ia 450000500170000000800410001704100080005808200190006610000150008524500300010026000340013030000090016450000290017365000280020270000250023020251113223414.0230125s9999 xx 000 0 und d aeng a158.1bLOD/NAR aNarawane A aChala! Utha! Kamala laga! c2005bMehta publicationaPune a176p aPersonality Development, aPersonality Development aNarawane A & Lodha S